[Event "XXX Torneo B di Capodanno"]
[Site "Reggio nell'Emilia ITA"]
[Date "1988.01.05"]
[Round "10"]
[White "Rossi, Carlo"]
[Black "Anceschi, Vittorio"]
[WhiteElo "2310"]
[BlackElo "2310"]
[Result "1/2-1/2"]
[PlyCount "47"]
[EventDate "1987.12.27"]

1. e4 e6 2. Nf3 d5 3. e5 c5 4. b4 cxb4 5. a3 Bd7 6. axb4 Bxb4 7. c3 Be7 8. d4
Nc6 9. Bd3 a6 10. Na3 b5 11. Nc2 b4 12. O-O bxc3 13. Nfe1 a5 14. Ra3 Nb4 15.
Rxc3 Nxd3 16. Nxd3 Bb5 17. Na3 Bxd3 18. Qxd3 Bb4 19. Nb5 Rc8 20. Rxc8 Qxc8 21.
Bg5 Qc4 22. Rc1 Qxd3 23. Rc8+ Kd7 24. Rc7+ 1/2-1/2

[Event "XXX Torneo B di Capodanno"]
[Site "Reggio nell'Emilia ITA"]
[Date "1988.01.06"]
[Round "11"]
[White "Belotti, Bruno"]
[Black "Medancic, Rikard"]
[WhiteElo "2340"]
[BlackElo "2320"]
[Result "1-0"]
[PlyCount "125"]
[EventDate "1987.12.27"]

1. e4 e5 2. Nf3 Nc6 3. Bb5 a6 4. Ba4 d6 5. c3 Bd7 6. d4 Nf6 7. Nbd2 Be7 8. O-O
O-O 9. h3 Qe8 10. Bb3 Kh8 11. Re1 Ng8 12. Nf1 a5 13. Be3 f6 14. Rc1 Bd8 15. Bc2
Nce7 16. c4 g5 17. N3h2 Ng6 18. c5 Nf4 19. Ng3 Ne7 20. cxd6 cxd6 21. dxe5 dxe5
22. Bc5 Rc8 23. Bb1 Rf7 24. Ng4 Ne6 25. Be3 Rxc1 26. Qxc1 Rf8 27. Nh6 Nf4 28.
Qc5 Nc6 29. Nhf5 Ne6 30. Qd5 Be7 31. Rd1 Bc8 32. Bb6 a4 33. a3 h5 34. Qc4 h4
35. Nf1 g4 36. hxg4 Qg6 37. N1e3 h3 38. g3 Ng5 39. Qe2 Qh7 40. Kh2 Ne6 41. Qf1
Ng5 42. f4 Ne6 43. Nd5 Bc5 44. Bxc5 Nxc5 45. Qxh3 Bxf5 46. gxf5 Nd4 47. Qxh7+
Kxh7 48. g4 Kg7 49. g5 fxg5 50. fxe5 Nf3+ 51. Kg3 Nxe5 52. Rc1 Rc8 53. Rc3 b5
54. Kg2 Nc4 55. Ne3 Nxb2 56. e5 Nc4 57. Nxc4 Nb3 58. f6+ Kf8 59. e6 bxc4 60.
Rh3 Kg8 61. Bh7+ Kf8 62. Bg6 Kg8 63. e7 1-0

[Event "XXX Torneo B di Capodanno"]
[Site "Reggio nell'Emilia ITA"]
[Date "1988.01.06"]
[Round "11"]
[White "Grinza, Andrea"]
[Black "Rossi, Carlo"]
[WhiteElo "2305"]
[BlackElo "2310"]
[Result "1/2-1/2"]
[PlyCount "20"]
[EventDate "1987.12.27"]

1. d4 e6 2. c4 Bb4+ 3. Bd2 Qe7 4. g3 Nc6 5. Nf3 Bxd2+ 6. Qxd2 d5 7. b3 Nf6 8.
Nc3 O-O 9. Bg2 Ne4 10. Nxe4 dxe4 1/2-1/2

[Event "XXX Torneo B di Capodanno"]
[Site "Reggio nell'Emilia ITA"]
[Date "1988.01.06"]
[Round "11"]
[White "Paoli, Enrico"]
[Black "Bukal, Vladimir sr"]
[WhiteElo "2220"]
[BlackElo "2435"]
[Result "1/2-1/2"]
[PlyCount "28"]
[EventDate "1987.12.27"]

1. e4 e6 2. d4 d5 3. Nd2 Nf6 4. e5 Nfd7 5. c3 c5 6. Bd3 Nc6 7. Ne2 cxd4 8. cxd4
a5 9. O-O a4 10. f4 Nb6 11. f5 exf5 12. Bxf5 Bxf5 13. Rxf5 Be7 14. Rh5 Qd7
1/2-1/2